[Event "Bettle of the Legends :2015"]
[Site "SchemingMind.com"]
[Date "2015.05.03"]
[Round "-"]
[White "Apocalypse"]
[Black "Marcel51"]
[Result "1-0"]
[WhiteCountry "USA"]
[BlackCountry "FRA"]
[WhiteElo "2396"]
[WhiteRD "98"]
[BlackElo "2179"]
[BlackRD "88"]
[GameID "379336"]

1. e4 c5 2. b4 cxb4 3. Nf3 e6 4. d4 Nf6 5. Bd3 d5 6. e5 Ne4 7. O-O Bd7 8. Be3 Be7 9. a3 Qa5 10. Bxe4 dxe4
11. Nfd2 O-O 12. Nb3 Qc7 13. axb4 Bxb4 14. c3 Be7 15. N1d2 Nc6 16. Qg4 Kh8 17. Nxe4 b6 18. Bf4 a6 19. Nbd2 Na5 20. Rfe1
1-0

[Event "Bettle of the Legends :2015"]
[Site "SchemingMind.com"]
[Date "2015.05.02"]
[Round "-"]
[White "Marcel51"]
[Black "frankly"]
[Result "1/2-1/2"]
[WhiteCountry "FRA"]
[BlackCountry "ENG"]
[WhiteElo "2261"]
[WhiteRD "98"]
[BlackElo "2425"]
[BlackRD "59"]
[GameID "379338"]

1. d4 Nf6 2. c4 e6 3. Nf3 Bb4+ 4. Bd2 Qe7 5. g3 Nc6 6. e3 Bxd2+ 7. Nbxd2 O-O 8. Bg2 d6 9. Nb1 e5 10. O-O Bg4
11. h3 Bxf3 12. Bxf3 exd4 13. exd4 Qd7 14. Bg2 Rae8 15. Nc3 Re7 16. a3 a6 17. Qd3 Rfe8 18. Rfd1 Qd8 19. h4 Qc8 20. b4 h6
21. Rab1 Qg4 22. Bf3 Qh3 23. Nd5 Nxd5 24. Bxd5 Nd8 25. Bg2 Qd7 26. Bf3 Kh8 27. Kg2 f5 28. Rdc1 f4 29. g4 Ne6 30. Re1 b6
31. Rbd1 Nf8 32. Rh1 Qe6 33. a4 Qf6 34. b5 axb5 35. axb5 Qe6 36. g5 g6 37. Rdg1 Kh7 38. Kh2 Qf5 39. Qxf5 gxf5 40. Bc6 Rd8
41. Kh3 Re2 42. Re1 f3 43. Kg3 Kg6 44. Bxf3 Rxe1 45. Rxe1 hxg5 46. h5+ Kf6 47. Bd5 Rb8 48. Kf3 Rd8 49. Rf1 Rd7=
1/2-1/2

[Event "Bettle of the Legends :2015"]
[Site "SchemingMind.com"]
[Date "2015.05.02"]
[Round "-"]
[White "Ramesh Panwar"]
[Black "Marcel51"]
[Result "1/2-1/2"]
[WhiteCountry "IND"]
[BlackCountry "FRA"]
[WhiteElo "2355"]
[WhiteRD "54"]
[BlackElo "2269"]
[BlackRD "99"]
[GameID "379339"]

1. c4 e5 2. Nc3 Nf6 3. g3 Bb4 4. Bg2 O-O 5. Nf3 d6 6. O-O h6 7. Nd5 Nxd5 8. cxd5 c6 9. Qb3 Bc5 10. e3 cxd5
11. d4 exd4 12. exd4 Bb6 13. Qxd5 Nc6 14. Bf4 Be6 15. Qxd6 Qf6 16. Be5 Nxe5 17. Qxe5 Qxe5 18. dxe5 Rac8 19. a4 a5 20. Rfc1 Rfd8
21. Bf1 g5 22. h3 Bd5 23. Be2 Kg7 24. Rc3 Rxc3 25. bxc3 Bc7 26. Rb1 Be4 27. Rb5 Re8 28. Rc5 Re7 29. h4 b6 30. Rc4 Bd5
31. Rd4 Bxf3 32. Bxf3 Bxe5 33. Rc4 Bd6 34. hxg5 Re1+ 35. Kg2 hxg5 36. Rd4 Bc5 37. Rd1 Rxd1 38. Bxd1 Bd6 39. Bc2=
1/2-1/2

[Event "Bettle of the Legends :2015"]
[Site "SchemingMind.com"]
[Date "2015.05.07"]
[Round "-"]
[White "palberto63"]
[Black "Marcel51"]
[Result "1-0"]
[WhiteCountry "CUB"]
[BlackCountry "FRA"]
[WhiteElo "2376"]
[WhiteRD "74"]
[BlackElo "2179"]
[BlackRD "88"]
[GameID "379340"]

1. d4 Nf6 2. c4 e6 3. g3 d5 4. Nf3 Bb4+ 5. Bd2 Be7 6. Bg2 a6 7. cxd5 exd5 8. O-O Nc6 9. Bf4 O-O 10. Nc3 Ne4
11. Nd2 f5 12. Rc1 Nxd4 13. Ncxe4 fxe4 14. Bxc7 Qd7 15. Bb6 Ne6 16. Nb3 Bg5 17. Rc2 Qb5 18. Bc7 Bf6 19. Ba5 Bd7 20. e3
1-0

[Event "Bettle of the Legends :2015"]
[Site "SchemingMind.com"]
[Date "2015.05.03"]
[Round "-"]
[White "Marcel51"]
[Black "shg"]
[Result "0-1"]
[WhiteCountry "FRA"]
[BlackCountry "POL"]
[WhiteElo "2179"]
[WhiteRD "88"]
[BlackElo "2365"]
[BlackRD "74"]
[GameID "379341"]

1. e4 e6 2. d4 d5 3. Nd2 Nf6 4. e5 Nfd7 5. Bd3 c5 6. c3 Nc6 7. Ne2 cxd4 8. cxd4 f6 9. exf6 Nxf6 10. Nf3 Bd6
11. O-O O-O 12. Bf4 Bxf4 13. Nxf4 Ne4 14. Ne2 Rxf3 15. gxf3 Ng5 16. Qb3 Nxf3+ 17. Kh1 Qf6 18. Rad1 Bd7 19. Rg1 Nxg1 20. Rxg1 Be8
21. f4 Rb8 22. Bb5 Nxd4 23. Qc3 Bxb5 24. Nxd4 Bc4 25. b3 Ba6 26. Qe3 Re8 27. Re1 h6 28. h3 Kf7 29. a4 b6 30. b4 Bc4
31. b5 Kg8 32. Nb3 Bxb3 33. Qxb3 Qxf4 34. Qc3 Rf8 35. Qe3 Qxe3 36. Rxe3 Kf7 37. a5 bxa5 38. Kg1 Ke7 39. Kg2 d4 40. Rb3 e5
0-1

[Event "Bettle of the Legends :2015"]
[Site "SchemingMind.com"]
[Date "2015.05.04"]
[Round "-"]
[White "HECTORBSUEIRO"]
[Black "Juan Jose Rivas Maceda"]
[Result "1/2-1/2"]
[WhiteCountry "ARG"]
[BlackCountry "PER"]
[WhiteElo "2462"]
[WhiteRD "93"]
[BlackElo "2408"]
[BlackRD "86"]
[GameID "379352"]

1. d4 d5 2. c4 c6 3. Nf3 Nf6 4. Nc3 e6 5. e3 Nbd7 6. Qc2 Bd6 7. Bd3 dxc4 8. Bxc4 O-O 9. O-O b5 10. Be2 Bb7
11. e4 e5 12. Rd1 Qc7 13. g3 Rfe8 14. dxe5 Nxe5 15. Bg5 Neg4 16. Rac1 Bc5 17. Bxf6 Bxf2+ 18. Kh1 gxf6 19. Nxb5 Qe7 20. Nd6 Ne3
21. Qb3 Nxd1 22. Rxd1 Rad8=
1/2-1/2

[Event "Bettle of the Legends :2015"]
[Site "SchemingMind.com"]
[Date "2015.05.05"]
[Round "-"]
[White "Apocalypse"]
[Black "Juan Jose Rivas Maceda"]
[Result "0-1"]
[WhiteCountry "USA"]
[BlackCountry "PER"]
[WhiteElo "2406"]
[WhiteRD "84"]
[BlackElo "2482"]
[BlackRD "89"]
[GameID "379353"]

1. e4 e5 2. f4 d5 3. exd5 exf4 4. Nf3 Nf6 5. Bc4 Nxd5 6. Bxd5 Qxd5 7. Nc3 Qf5 8. Nd4 Qd7 9. Nde2 g5 10. h4 Qc6
11. O-O h6 12. Qe1 Kd8 13. d4 Rg8 14. Bd2 Nd7 15. Nc1 Bg7 16. Nb3 a5 17. a4 b6 18. Qf2 Bb7 19. d5 Qg6 20. Rad1 Qxc2
21. Nd4 Qxb2 22. Nc6+ Bxc6 23. dxc6 Bxc3 24. Bxc3 Qxc3 25. cxd7 Qc5 26. h5 Qxf2+ 27. Kxf2 Rb8 28. Rd5 f6 29. Re1 Rf8 30. Kf1 Rb7
31. Re6 c5 32. Rdd6 b5 33. axb5 Rxb5 34. Rd5 Rb8 35. Rxc5 Ra8 36. Rcc6 a4 37. Rcd6 a3 38. Re1 a2 39. Ra1 Rf7 40. Rd2 Rxd7
41. Raxa2 Rxa2 42. Rxa2 Rd1+ 43. Ke2 Rh1
0-1

[Event "Bettle of the Legends :2015"]
[Site "SchemingMind.com"]
[Date "2015.05.03"]
[Round "-"]
[White "Don71"]
[Black "Juan Jose Rivas Maceda"]
[Result "0-1"]
[WhiteCountry "NIR"]
[BlackCountry "PER"]
[WhiteElo "2272"]
[WhiteRD "84"]
[BlackElo "2463"]
[BlackRD "85"]
[GameID "379354"]

1. e4 e5 2. Nf3 Nc6 3. Bb5 a6 4. Bxc6 dxc6 5. O-O Bg4 6. h3 h5 7. d3 Qf6 8. Nbd2 g5 9. b3 Qg7 10. Nc4 Bc8
11. d4 g4 12. Nfxe5 gxh3 13. g3 f6 14. Nf3 h4 15. Bf4 h2+ 16. Nxh2 Bh3 17. Re1 hxg3 18. fxg3 O-O-O 19. c3 Ne7 20. g4 c5
21. Rc1 Ng6 22. Bg3 cxd4 23. Nb6+ Kb8 24. cxd4 Bd6 25. Bxd6 Rxd6 26. Nc4 Qh6 27. Nxd6 Bg2 28. Nf3 Nh4 29. Nd2 Qf4 30. Rc3 cxd6
31. Qe2 Rg8 32. Qf2 Qxg4 33. Ree3 Bf3+ 34. Kf1 Qh3+
0-1

[Event "Bettle of the Legends :2015"]
[Site "SchemingMind.com"]
[Date "2015.05.02"]
[Round "-"]
[White "Juan Jose Rivas Maceda"]
[Black "Marcel51"]
[Result "1-0"]
[WhiteCountry "PER"]
[BlackCountry "FRA"]
[WhiteElo "2400"]
[WhiteRD "90"]
[BlackElo "2269"]
[BlackRD "99"]
[GameID "379356"]

1. e4 c5 2. Nf3 e6 3. d4 cxd4 4. Nxd4 Nf6 5. Nc3 Nc6 6. Bg5 Bb4 7. Nxc6 bxc6 8. Qd4 e5 9. Qxb4 a5 10. Qd6 Qe7
11. O-O-O Qxd6 12. Rxd6
1-0

[Event "Bettle of the Legends :2015"]
[Site "SchemingMind.com"]
[Date "2015.05.02"]
[Round "-"]
[White "frankly"]
[Black "Juan Jose Rivas Maceda"]
[Result "1/2-1/2"]
[WhiteCountry "ENG"]
[BlackCountry "PER"]
[WhiteElo "2441"]
[WhiteRD "62"]
[BlackElo "2400"]
[BlackRD "90"]
[GameID "379358"]

1. d4 d5 2. Nf3 Nf6 3. c4 c6 4. Nc3 e6 5. Bg5 h6 6. Bxf6 Qxf6 7. Qc2 dxc4 8. e3 b5 9. a4 Bb7 10. axb5 cxb5
11. Nxb5 Bb4+ 12. Nc3 O-O 13. Be2 Nd7 14. O-O Rfc8 15. Na2 Bd6 16. h3 a5 17. Nc3 Qd8 18. Rfd1 Nb6 19. Nd2 Bb4=
1/2-1/2

[Event "Bettle of the Legends :2015"]
[Site "SchemingMind.com"]
[Date "2015.05.05"]
[Round "-"]
[White "Juan Jose Rivas Maceda"]
[Black "palberto63"]
[Result "1-0"]
[WhiteCountry "PER"]
[BlackCountry "CUB"]
[WhiteElo "2463"]
[WhiteRD "85"]
[BlackElo "2229"]
[BlackRD "67"]
[GameID "379359"]

1. e4 c5 2. Nf3 d6 3. d4 cxd4 4. Nxd4 Nf6 5. Nc3 a6 6. Be3 Ng4 7. Bg5 h6 8. Bh4 g5 9. Bg3 Bg7 10. h3 Ne5
11. Qd2 Nbc6 12. O-O-O Nxd4 13. Qxd4 Qa5 14. Kb1 Be6 15. Nd5 Bxd5 16. Qxd5 Qxd5 17. exd5 h5 18. Rd4 h4 19. Bxe5 dxe5 20. Rg4 Bh6
21. Rc4 f5 22. f3 Kd7 23. Bd3 Rhf8 24. a4 Rac8 25. Rb4 Kc7 26. Rd1 a5 27. Rb5 b6 28. c4 g4 29. c5 bxc5 30. Rxa5 gxh3
31. gxh3 Be3 32. Ra7+ Kd6 33. Bb5 Rfd8 34. Ra6+ Kc7 35. Rc6+ Kb8 36. Rb6+ Kc7 37. Re6 Bd4 38. Rd2
1-0

[Event "Bettle of the Legends :2015"]
[Site "SchemingMind.com"]
[Date "2015.05.02"]
[Round "-"]
[White "Ramesh Panwar"]
[Black "Juan Jose Rivas Maceda"]
[Result "0-1"]
[WhiteCountry "IND"]
[BlackCountry "PER"]
[WhiteElo "2359"]
[WhiteRD "55"]
[BlackElo "2408"]
[BlackRD "86"]
[GameID "379360"]

1. e4 e5 2. Nf3 Nc6 3. Bb5 a6 4. Bxc6 dxc6 5. O-O Bg4 6. h3 h5 7. d3 Qf6 8. Nbd2 g5 9. b4 Qg7 10. Nc4 Bc8
11. Bxg5 f6 12. Bd2 Bxh3 13. Nh4 O-O-O 14. a4 Bd7 15. Qe2 Nh6 16. Ne3 Bd6 17. g3 Rdg8 18. Qf3 Rf8 19. c4 f5 20. Nhxf5 Bxf5
21. exf5 Qd7 22. f6 h4 23. Qe4 Rxf6 24. Qxh4 Rf4 25. gxf4 exf4 26. Bc3 Rg8+ 27. Kh1 fxe3 28. Rg1 Rf8 29. f4 Nf5 30. Qh3 Kb8
31. Rg4 a5 32. b5 Bb4 33. Be5 Qxd3
0-1

[Event "Bettle of the Legends :2015"]
[Site "SchemingMind.com"]
[Date "2015.05.03"]
[Round "-"]
[White "Juan Jose Rivas Maceda"]
[Black "shg"]
[Result "1/2-1/2"]
[WhiteCountry "PER"]
[BlackCountry "POL"]
[WhiteElo "2408"]
[WhiteRD "86"]
[BlackElo "2306"]
[BlackRD "74"]
[GameID "379361"]

1. e4 e6 2. d4 d5 3. Nc3 Bb4 4. e5 c5 5. a3 Bxc3+ 6. bxc3 Ne7 7. Qg4 O-O 8. Bd3 Nbc6 9. Qh5 Ng6 10. Nf3 Qc7
11. Ng5 h6 12. Nxf7 Qxf7 13. Qxg6 Qxg6 14. Bxg6 cxd4 15. cxd4 Nxd4 16. Be3 Nc6 17. f4 b6 18. O-O Ba6 19. Rf2 Ne7 20. Bh5 g6
21. Bd1 Rfd8 22. a4=
1/2-1/2